| 000 | 03256nam0a2200445 4500 | ||
|---|---|---|---|
| 001 | RU\NLR\BIBL_A\012149548 | ||
| 005 | 20260407115709.0 | ||
| 035 | _a(NLR Aleph) 012149548 | ||
| 090 |
_a12140479 _c12140479 |
||
| 100 | _a20191129d1898 |||y0rusy50 ca | ||
| 101 | 0 | _arus | |
| 102 | _aRU | ||
| 105 | _ay z 000zy | ||
| 200 | 1 |
_aОб утверждении временного штата порта Императора Александра III _eпредставление по сему делу разослано Членам Государственного Совета, в печатных экземплярах _fГосударственный Совет в Соединенных Департаментах Государственной Экономии и Законов, Министерство Морское. 30 апреля 1898 года. № 158 |
|
| 210 |
_a[С.-Петербург _cб. и.] _d1898 |
||
| 215 |
_a4 с. _d34 |
||
| 300 | _aВ конце текстов: Подписали: Д. Сольский, М. Каханов, Н. Чихачов [и др.]; Скрепил: Статс-Секретарь Г. Шамшин | ||
| 300 | _aНа стр. 1: DXXXIII, 4 | ||
| 309 | _aБез тит. л. и обл. | ||
| 327 | 1 | _aВ документе также: Временный штат управления порта Императора Александра III: проект | |
| 517 | 1 |
_aВременный штат управления порта Императора Александра III _eпроект |
|
| 601 | 0 | 1 |
_aРоссия _bСоединенные Департаменты государственной экономии и законов _jДокументы и материалы _92414113 _3RU\NLR\AUTH\6601657156 |
| 601 | 0 | 2 |
_aЛибавский военный порт _jДокументы и материалы _xСтроительство _92446378 _3RU\NLR\AUTH\6601672613 |
| 686 | 3 | _aУ03(2)53,011 | |
| 686 | 3 | _aХ2(2)5-523,011 | |
| 686 | 3 | _aЦ661.5-8г(28),011 | |
| 702 | 1 |
_4720 _8rus _7ca _aСольский _bД. М. _cгос. деятель _f1833-1910 _gДмитрий Мартынович _3RU\NLR\AUTH\7783181 _966109 |
|
| 702 | 1 |
_4720 _7ca _8rus _aКаханов _bМ. С. _f1833-1900 _gМихаил Семёнович _9197457 _3RU\NLR\AUTH\770197508 |
|
| 702 | 1 |
_4720 _7ca _8rus _aЧихачёв _bН. М. _cадмирал, гос. деятель _f1830-1917 _gНиколай Матвеевич _9197499 _3RU\NLR\AUTH\770197550 |
|
| 702 | 1 |
_4720 _aШамшин _bГ. И. _cгос. деятель _f1853-1918 _gГригорий Иванович _9197513 _3RU\NLR\AUTH\770197564 |
|
| 711 | 0 | 2 |
_aЛибавский военный порт _3RU\NLR\AUTH\8810027598 _9553678 |
| 711 | 0 | 1 |
_aРоссия _bГосударственный совет _3RU\NLR\AUTH\889948587 _9392796 |
| 711 | 0 | 1 |
_aРоссия _bМорское министерство _3RU\NLR\AUTH\889944065 _9383314 |
| 712 | 0 | 1 |
_4570 _aРоссия _bСоединенные департаменты государственной экономии и законов _9636856 _3RU\NLR\AUTH\880488203 |
| 852 |
_aNLR _j135/294-325(17) |
||
| 942 | _cBOOK | ||
| 980 | _aNB | ||